|
|
|
|
| LEADER |
01129nam a22003014a 4500 |
| 001 |
37889 |
| 003 |
BD-DhAAL |
| 005 |
20220302151325.0 |
| 008 |
220302t2000 mau 000 0 eng d |
| 999 |
|
|
|c 43637
|d 43637
|
| 010 |
|
|
|a 99089868
|
| 020 |
|
|
|a 0395984955
|
| 020 |
|
|
|a 9780395984956
|
| 040 |
|
|
|a DLC
|c DLC
|d DLC
|d BD-DhAAL
|
| 042 |
|
|
|a pcc
|
| 050 |
0 |
0 |
|a HV6546
|b .F53 2000
|
| 082 |
0 |
0 |
|a 362.283092
|2 21
|
| 100 |
1 |
|
|a Finneran, Kathleen.
|9 46323
|
| 245 |
1 |
4 |
|a The tender land :
|b a family love story /
|c Kathleen Finneran.
|
| 260 |
|
|
|a Boston :
|b Houghton Mifflin Co.,
|c 2000.
|
| 300 |
|
|
|a x, 285 pages :
|b illustrations ;
|c 22 cm.
|
| 526 |
|
|
|a BIED
|
| 541 |
|
|
|a Complimentary copy from BIED
|e 37889
|
| 650 |
|
0 |
|a Suicide victims
|x Family relationships.
|9 46324
|
| 650 |
|
0 |
|a Teenagers
|x Suicidal behavior.
|9 46325
|
| 852 |
|
|
|a Ayesha Abed Library
|c BIED Collection
|
| 942 |
|
|
|2 ddc
|c BK
|
| 952 |
|
|
|0 0
|1 0
|2 ddc
|4 0
|6 362_283092000000000_FIN
|7 0
|9 69962
|a BRACUL
|b BRACUL
|c GEN
|d 2022-03-02
|e Complimentary copy from BIED
|l 5
|m 30
|o 362.283092 FIN
|p 3010037889
|r 2025-08-09
|s 2025-07-27
|t 1
|w 2022-03-02
|y BK
|x Transferred from BIED to General Stacks
|